01529 a2200217 4500999001700000020001800017082001800035245005900053260003900112300002200151504001800173520085400191650002801045650001701073650002001090650002501110650001001135700002801145942001201173952012601185 c38730d38730 a9789390095780 a320.954bMOD- aModi From Vision to Reality/bedited by R.K. Pachnanda bPentagon Press,c2023.aNew Delhi: axviii,162p.e24cm ainclude index aModi: From Vision to Reality presents a fascinating and incredible narrative of Prime Minister Narendra Modi's inspirational vision, untiring resolve and achievement of a stable and prosperous India and how he has converted his inspirational vision into reality. From economic reforms to healthcare, poverty eradication, women empowerment, environmental sustainability, security, foreign relations and an overall growth in all sectors, this book covers every aspect of PM Modi`s "India First" policies that have brought a great leap forward in the country's development to unimaginable heights. With contributions from erudite authors in their respective fields, each chapter brings to light the unprecedented accomplishments of a government led by a determined Prime Minister who has rejuvenated and resurged India's unity, development and pride.  aPolitics and government a21st century aEconomic policy aPolitical leadership zIndia aPachnanda,R.K. eEditor 2ddccBK 00104070aNASSDOCbNASSDOCd2024-03-20e11g573.99l0o320.954 MOD-p53928r2024-04-03 00:00:00v795.00w2024-03-20yBK